Cartels, competition and public procurement: law and economics approaches to Bid Rigging

Kaydedildi:
Detaylı Bibliyografya
Yazar: Weishaar, Stefan E (Yazar)
Materyal Türü: Kitap
Dil:İngilizce
Baskı/Yayın Bilgisi: Cheltenham Edward Elgar 2013
Edisyon:1a. ed
Seri Bilgileri:New Horizons in Competition Law and Economics
Konular:
Etiketler: Etiketle
Etiket eklenmemiş, İlk siz ekleyin!

MARC

LEADER 00000cam a2200000 a 4500
001 UCC7197
003 CL-VaPUC
008 190308e20130000uk |||||||||||||||||eng|d
020 |a 9780857936745 
082 0 4 |a 343.0721  |b WEI  |2 21 
100 0 |a Weishaar, Stefan E  |e author  |9 601733 
245 1 0 |a Cartels, competition and public procurement: law and economics approaches to Bid Rigging 
250 |a 1a. ed 
300 |a 330 p 
942 |c BK 
945 |d 20190308 12:55:00  |a dcastane 
260 |a Cheltenham  |b Edward Elgar  |c 2013 
650 7 |a CONTRATOS PUBLICOS  |2 CL-VaPUC  |9 257953 
650 0 |a Antimonopolios   |9 390857 
583 |a last modification  |c 20190308 12:55:00  |k Rodrigo Vera 
490 0 |a New Horizons in Competition Law and Economics 
999 |c 373906  |d 373904 
952 |0 0  |1 0  |3 erd  |4 0  |6 343_072100000000000_WEI_2013  |7 0  |8 A  |9 492184  |a BIBDER  |b BIBDER  |i 5535166  |o 343.0721 WEI 2013  |p 5535166  |r 2023-01-25  |w 2019-11-24  |y BK  |z Catalogado en:20190308  |k DER